Statistics for 元素周期表Periodic Table for Chemical Elements

Click here to take the quiz!

General Stats

  • This quiz has been taken 9 times
  • The average score is 49 of 118

Answer Stats

原子序数元素% Correct
13铝/Al
100%
18氩/Ar
100%
5硼/B
100%
4铍/Be
100%
6碳/C
100%
17氯/Cl
100%
9氟/F
100%
1氢/H
100%
2氦/He
100%
3锂/Li
100%
12镁/Mg
100%
7氮/N
100%
11钠/Na
100%
10氖/Ne
100%
8氧/O
100%
15磷/P
100%
16硫/S
100%
14硅/Si
100%
20钙/Ca
88%
19钾/K
88%
33砷/As
75%
35溴/Br
75%
27钴/Co
75%
29铜/Cu
75%
26铁/Fe
75%
31镓/Ga
75%
32锗/Ge
75%
36氪/Kr
75%
25锰/Mn
75%
37铷/Rb
75%
34硒/Se
75%
38锶/Sr
75%
24铬/Cr
63%
53碘/I
63%
49铟/In
63%
28镍/Ni
63%
21钪/Sc
63%
50锡/Sn
63%
52碲/Te
63%
22钛/Ti
63%
23钒/V
63%
54氙/Xe
63%
30锌/Zn
63%
47银/Ag
50%
85砹/At
50%
56钡/Ba
50%
83铋/Bi
50%
55铯/Cs
50%
82铅/Pb
50%
84钋/Po
50%
88镭/Ra
50%
51锑/Sb
50%
39钇/Y
50%
40锆/Zr
50%
79金/Au
38%
48镉/Cd
38%
87钫/Fr
38%
42钼/Mo
38%
41铌/Nb
38%
46钯/Pd
38%
45铑/Rh
38%
86氡/Rn
38%
44钌/Ru
38%
43锝/Tc
38%
81铊/Tl
38%
89锕/Ac
25%
57镧/La
25%
116𫟷/Lv
25%
78铂/Pt
25%
107𬭛/Bh
13%
112鿔/Cn
13%
105𬭊/Db
13%
110𫟼/Ds
13%
114𫓧/Fl
13%
72铪/Hf
13%
80汞/Hg
13%
108𬭶/Hs
13%
77铱/Ir
13%
71镥/Lu
13%
115镆/Mo
13%
109鿏/Mt
13%
113鿭/Nh
13%
118鿫/Og
13%
76锇/Os
13%
75铼/Re
13%
104𬬻/Rf
13%
111𬬭/Rg
13%
106𬭳/Sg
13%
73钽/Ta
13%
117鿬/Ts
13%
74钨/W
13%
95镅/Am
0%
97锫/Bk
0%
58铈/Ce
0%
98锎/Cf
0%
96锔/Cm
0%
66镝/Dy
0%
68铒/Er
0%
99锿/Es
0%
63铕/Eu
0%
100镄/Fm
0%
64钆/Gd
0%
67钬/Ho
0%
103铹/Lr
0%
101钔/Md
0%
60钕/Nd
0%
102锘/No
0%
93镎/Np
0%
91镤/Pa
0%
61钷/Pm
0%
59镨/Pr
0%
94钚/Pu
0%
62钐/Sm
0%
65铽/Tb
0%
90钍/Th
0%
69铥/Tm
0%
92铀/U
0%
70镱/Yb
0%

Score Distribution

Percentile by Number Answered

Percent of People with Each Score

Your Score History

You have not taken this quiz